| 000 | 00958nam a2200325Ia 4500 | ||
|---|---|---|---|
| 001 | Z_2574 | ||
| 003 | CHAP | ||
| 008 | 220113s1970 xx 000 0 und d | ||
| 010 | _a165634 | ||
| 020 | _a968-6046-53-4 \ 0-07-091875-9 | ||
| 040 | _cCHAP | ||
| 082 | _a575.1 S73 | ||
| 100 |
_aStansfield, William D. _9109468 |
||
| 245 |
_aTeoría y problemas de genética / _cWilliam D. Stansfield; traducción Salvador Armendares S. y Edna Brostein de Renen |
||
| 250 | _aEdición revisada | ||
| 260 |
_aMéxico : _bMcGraw-Hill, _c1970 |
||
| 300 | _a298 p. | ||
| 440 | _aSerie de compendios Schaum | ||
| 500 | _aTraducción de la obra en inglés: Genetics de 1969 | ||
| 503 | _aej.1: s/n \ ej.2: s/n | ||
| 650 |
_aGenética _947469 |
||
| 700 |
_a Brostein de Renen, Edna, tr. _9139557 |
||
| 700 |
_aArmendares S., Salvador, tr. _9139558 |
||
| 901 | _a575.1 S73 | ||
| 902 | _aM | ||
| 910 | _a1970 | ||
| 942 | _c1 | ||
| 942 | _cc1 | ||
| 999 |
_c165634 _d165634 |
||